| 000 | 01035nam2a22002531 4500 | ||
|---|---|---|---|
| 001 | rc\288328 | ||
| 005 | 20250621063709.0 | ||
| 035 | _a(NLR Aleph) 005628951 | ||
| 090 |
_a6558276 _c6558276 |
||
| 100 | _a20030307d1990 |||y0rusy50 ca | ||
| 101 | 0 | _arus | |
| 102 | _aRU | ||
| 105 | _ay ||||||||| | ||
| 200 | 0 |
_a... за 1987-1990 (1 полугодие) гг. _f[Сост.-библиограф Черкасова А.Л.] |
|
| 210 |
_d1990 _aБ. м. |
||
| 215 | _a209 с. | ||
| 225 | 1 |
_a... _v№ 15087 |
|
| 300 | _aНа тит. л. и обл. загл.: Тема "Дисплейные..." | ||
| 461 | 0 |
_1001rc\288327 _12001#$aДисплейные терминалы$eОтеч. и иностр. лит. ...$v... за 1987-1990 (1 полугодие) гг. _96558270 _cМ. _d1990 _nБ. и. _oОтеч. и иностр. лит. ... _tДисплейные терминалы _v... за 1987-1990 (1 полугодие) гг. |
|
| 801 | 0 |
_aRU _bNLR _gpsbo |
|
| 801 | 1 |
_aRU _bELAR _2rusmarc |
|
| 852 |
_aNLR _bС _jК-4/456 |
||
| 942 | _cBOOK | ||
| 980 | _aNB | ||